| 000 | 00403nam a2200169 a 4500 | ||
|---|---|---|---|
| 001 | 3741 | ||
| 003 | CDMR | ||
| 005 | 20131022113149.0 | ||
| 008 | 130130s1972||||||||||||||||||||||||||||d | ||
| 040 |
_aCDMR _bcat _cCDMR |
||
| 100 | 1 |
_aWillener, Alfred _92657 |
|
| 245 | 1 | 0 | _aVidéo et société virtuelle |
| 260 |
_aParis _c1972 _bTema |
||
| 300 | _a262 p. | ||
| 490 | 0 | _aTema Communication | |
| 942 |
_cMON _2udc |
||
| 999 |
_c3741 _d3741 |
||